| 000 | 00475nam a2200193Ia 4500 | ||
|---|---|---|---|
| 003 | OSt | ||
| 005 | 20250205121825.0 | ||
| 008 | 210210b1978 xxu||||| |||| 00| 0 eng d | ||
| 040 | _cAL | ||
| 041 | _aKannada | ||
| 082 | _aK894.7 BICK | ||
| 100 |
_aBICHI. _9131318 _dಬೀಚಿ |
||
| 245 |
_aKama loka. _bಕಾಮಲೋಕ |
||
| 260 |
_aBengaluru _bDarshana Prakashana _c1978 |
||
| 300 | _a123 | ||
| 690 |
_aKannada Humour _9131319 |
||
| 906 | _a033197 | ||
| 942 |
_2ddc _cBK |
||
| 999 |
_c84193 _d84193 |
||